| 000 | 00711nam a2200193Ia 4500 | ||
|---|---|---|---|
| 001 | 17631 | ||
| 003 | GE_BSU | ||
| 008 | 181216s||||||||xx |||||||||||||| ||und|| | ||
| 040 | _cGE_BSU | ||
| 080 | _a69.04(035.3) | ||
| 245 | _aСправочник механика по эксплуатации строительных машин. | ||
| 245 | _cПод ред. канд. тех. наук П.А.Зимина. Ред. изд-во Ю.В. Крюгер. | ||
| 260 | _aМ. | ||
| 260 | _bГосстройиздат. | ||
| 260 | _c1960. | ||
| 300 | _a567 стр. с илл. 22 см. | ||
| 653 | _aСправочник механика по эксплуатации строительных машин. | ||
| 942 | _cBK | ||
| 999 |
_c50680 _d50680 |
||